[Event "IND-ch U13 Girls 31st"]
[Site "Jalandhar"]
[Date "2017.06.22"]
[Round "3"]
[White "Sahithya, G."]
[Black "Bristy, Mukherjee"]
[Result "0-1"]
[WhiteElo "1504"]
[BlackElo "1652"]
[PlyCount "54"]
[EventDate "2017.06.21"]
[EventType "swiss"]
[EventRounds "11"]
[EventCountry "IND"]
[SourceTitle "CBM 179 Extra"]
[Source "ChessBase"]
[SourceDate "2017.08.23"]
[SourceVersion "1"]
[SourceVersionDate "2017.08.23"]
[SourceQuality "1"]

1. d4 Nf6 2. Bf4 g6 3. e3 Bg7 4. Bd3 d6 5. c3 Nc6 6. Nd2 0-0 7. Ngf3 a6 8. a4 Kh8 9. 0-0 Nh5 10. Bg5 h6 11. Bh4 f5 12. h3 Qe8 13. Ne1 g5 14. Bg3 e5 15. Be2 Nf6 16. f4 gxf4 17. exf4 exd4 18. c4 Ne4 19. Nxe4 fxe4 20. Rb1 Ne7 21. Bh5 Qc6 22. b3 Nf5 23. Bh2 Ne3 24. Qe2 Nxf1 25. Qxf1 d3 26. Rd1 Qc5+ 27. Qf2 Bd4 0-1

[Event "IND-ch U25 Girls 5th"]
[Site "Bhubaneswar"]
[Date "2015.12.13"]
[Round "5"]
[White "Sahithya, G."]
[Black "Niharika, Challa"]
[Result "1/2-1/2"]
[WhiteElo "1480"]
[BlackElo "1511"]
[PlyCount "116"]
[EventDate "2015.12.10"]
[EventType "swiss"]
[EventRounds "8"]
[EventCountry "IND"]
[SourceTitle "CBM 169 Extra"]
[Source "ChessBase"]
[SourceDate "2015.12.18"]
[SourceVersion "1"]
[SourceVersionDate "2015.12.18"]
[SourceQuality "1"]

1. d4 Nf6 2. Nf3 e6 3. Bf4 c5 4. c3 Be7 5. e3 0-0 6. Bd3 b6 7. 0-0 Bb7 8. Nbd2 d6 9. h3 a6 10. a4 Nc6 11. Re1 Re8 12. Qc2 Rc8 13. Qb1 Bf8 14. Bg5 h6 15. Bh4 cxd4 16. exd4 Be7 17. Qd1 Nd5 18. Bg3 Nf6 19. Qe2 Ra8 20. Nc4 b5 21. axb5 axb5 22. Rxa8 Bxa8 23. Ncd2 b4 24. Bb5 bxc3 25. bxc3 Nd7 26. Ra1 e5 27. d5 Na5 28. Bxd7 Qxd7 29. Rxa5 Qc7 30. Qb5 Rb8 31. Qa4 Bb7 32. Ra7 f5 33. Qc6 Bd8 34. Qxc7 Bxc7 35. c4 g5 36. Ne1 e4 37. Nb3 f4 38. Bh2 Bb6 39. Ra2 Rc8 40. Rc2 Ba6 41. g3 e3 42. Nd3 Rxc4 43. Rxc4 Bxc4 44. Nbc1 exf2+ 45. Nxf2 Be3 46. gxf4 gxf4 47. Ncd3 Bxd3 48. Bxf4 Bxf2+ 49. Kxf2 Bc4 50. Bxh6 Bxd5 51. Bf4 Be6 52. h4 d5 53. Be5 Kh7 54. Kg3 Kg6 55. Kf4 Kh5 56. Bf6 d4 57. Ke4 Bc8 58. Kxd4 Ba6 1/2-1/2

[Event "IND-ch U25 Girls 5th"]
[Site "Bhubaneswar"]
[Date "2015.12.11"]
[Round "2"]
[White "Swati, Mohota"]
[Black "Sahithya, G."]
[Result "1-0"]
[WhiteElo "1963"]
[BlackElo "1480"]
[PlyCount "95"]
[EventDate "2015.12.10"]
[EventType "swiss"]
[EventRounds "8"]
[EventCountry "IND"]
[SourceTitle "CBM 169 Extra"]
[Source "ChessBase"]
[SourceDate "2015.12.18"]
[SourceVersion "1"]
[SourceVersionDate "2015.12.18"]
[SourceQuality "1"]

1. d4 Nf6 2. c4 e6 3. a3 d5 4. Nf3 c5 5. e3 Nc6 6. dxc5 Bxc5 7. b4 Be7 8. Bb2 0-0 9. Qc2 h6 10. Nc3 Re8 11. Rd1 Bf8 12. Be2 Qd7 13. 0-0 b6 14. cxd5 exd5 15. Bc4 Ne7 16. Bb5 Nc6 17. Nxd5 Nxd5 18. Qxc6 Rd8 19. Qxd7 Bxd7 20. Rxd5 Bxb5 21. Rxb5 Rac8 22. Bd4 Rc2 23. a4 Rdc8 24. a5 bxa5 25. Rxa5 Bxb4 26. Rxa7 Rc1 27. g4 Rxf1+ 28. Kxf1 Rc1+ 29. Kg2 Rc2 30. h4 Rc1 31. Ne5 f6 32. Ra8+ Kh7 33. Nd3 Rc4 34. Ra4 Rxd4 35. exd4 Bd6 36. Ra6 Bf8 37. h5 Be7 38. Nf4 Kg8 39. Ng6 Bb4 40. Ra7 Bd6 41. Kf3 Bb4 42. Ke4 Bd6 43. Kd5 Bb4 44. Ke6 Bf8 45. Ra8 Kh7 46. Nxf8+ Kg8 47. Ng6+ Kh7 48. Rh8# 1-0